| 000 | 00398nab a2200145Ia 4500 | ||
|---|---|---|---|
| 003 | ES-SlBCS | ||
| 005 | 20210601131732.0 | ||
| 008 | 140529s1953 xxu||||| |||| 00| 0 fre d | ||
| 041 | _afre | ||
| 100 | 1 |
_aBoanerge, Jean _9188420 |
|
| 245 | 0 | 0 |
_aQuelque chose au Chili _c Jean Boanerge |
| 651 | 4 |
_aChile _9112988 |
|
| 773 | 0 |
_tVie Intelectuelle (La) _gnº. 4, 1953, págs. 96-98 _wRev907 |
|
| 942 | _cAR | ||
| 999 |
_c567878 _d567878 |
||